Normal view
MARC view
- Harris , Michael .C
Entry Personal Name
001 - CONTROL NUMBER
- control field: 60133
003 - CONTROL NUMBER IDENTIFIER
- control field: NUST
005 - DATE AND TIME OF LATEST TRANSACTION
- control field: 20210628202506.0
008 - FIXED-LENGTH DATA ELEMENTS
- fixed length control field: 210628|| aca||aabn | a|a d
040 ## - CATALOGING SOURCE
- Original cataloging agency: NUST
- Transcribing agency: NUST
100 ## - HEADING--PERSONAL NAME
- Personal name: Harris , Michael .C
670 ## - SOURCE DATA FOUND
- Source citation: Work cat.: (NUST): Harris , Michael .C, Value leadership ,winning competitive advantage in the information age, 2003
